|
|
|
|
| LEADER |
00837nam a2200205 a 4500 |
| 001 |
00025130 |
| 008 |
120531r20122009enka j 000 1 eng |
| 020 |
|
|
|a 9780194225618
|
| 040 |
|
|
|a BD-DhAAL
|c BD-DhAAL
|
| 082 |
0 |
4 |
|a 428.6
|
| 245 |
1 |
0 |
|a The magic brocade /
|c edited by Sue Arengo ;[illustrated by Nancy Lane].
|
| 260 |
|
|
|a Oxford :
|b Oxford University Press,
|c c2009.[reprinted 2012]
|
| 300 |
|
|
|a 31 p. :
|b col. ill. ;
|c 25cm.
|
| 490 |
1 |
|
|a Classic tales ;
|v Elementary 3
|
| 541 |
1 |
|
|e 00025130
|
| 650 |
|
0 |
|a Readers (Elementary)
|
| 700 |
1 |
|
|a Arengo, Sue
|
| 852 |
1 |
|
|a Ayesha Abed library
|c General Shelf
|
| 999 |
|
|
|c 12303
|d 12303
|
| 952 |
|
|
|0 0
|1 0
|2 ddc
|4 0
|6 428_600000000000000_MAG
|7 0
|9 20345
|a BRACUL
|b BRACUL
|d 2012-05-31
|e Karim International
|l 1
|o 428.6 MAG
|p 3010025130
|r 2025-11-10
|s 2025-11-04
|t 1
|w 2012-05-31
|y BK
|x Transferred from BIL to BRACUL on 06/06/22
|